Normal view MARC view
  • Luthans, Fred

Entry Personal Name

Number of records used in: 6

001 - CONTROL NUMBER

  • control field: 2048

003 - CONTROL NUMBER IDENTIFIER

  • control field: OSt

005 - DATE AND TIME OF LATEST TRANSACTION

  • control field: 20160616100142.0

008 - FIXED-LENGTH DATA ELEMENTS

  • fixed length control field: 160616|| aca||aabn | a|a d

040 ## - CATALOGING SOURCE

  • Original cataloging agency: OSt
  • Transcribing agency: OSt

100 ## - HEADING--PERSONAL NAME

  • Personal name: Luthans, Fred

670 ## - SOURCE DATA FOUND

  • Source citation: Work cat.: (OSt): Luthans, Fred, Organizational Behaviour, 2008